Relationship among area, elevation and regional species richness in neotropical birds (Registro nro. 9396)

Detalles MARC
000 -CABECERA
Campo de control 005060000a22001570004500
090 ## - CLASIFICACIÓN LOCAL
Colección AR
Consecutivo 00297
041 0# - IDIOMA
Código de idioma para texto/pista de sonido o título separado
100 1# - ASIENTO PRINCIPAL--NOMBRE PERSONAL
Nombre personal Rahbek, Carsten
245 10 - MENCION DE TITULO
Título Relationship among area, elevation and regional species richness in neotropical birds
650 14 - ASIENTO SECUNDARIO DE MATERIA - TERMINO TEMATICO
Término temático o nombre geográfico como elemento de entrada Interacción ecológica
650 14 - ASIENTO SECUNDARIO DE MATERIA - TERMINO TEMATICO
Término temático o nombre geográfico como elemento de entrada Modelación ecológica
650 14 - ASIENTO SECUNDARIO DE MATERIA - TERMINO TEMATICO
Término temático o nombre geográfico como elemento de entrada Riqueza de especies
651 #4 - ASIENTO SECUNDARIO DE MATERIA - NOMBRE GEOGRAFICO
-- América del Sur
773 1# - Item fuente:
Título American Naturalist
Especificación de materiales 122
Descripción física 5
Paginas del Articulo 875-890
Lugar, editorial y fecha de publicación 1997
Información sobre la relación 149
942 ## - ELEMENTOS ADICIONALES (KOHA)
Tipo de ítem Artículo
Existencias
Withdrawn status Lost status Damaged status No para préstamo Colección Ubicación Permanente Ubicación actual Fecha de adquisición Datos de publicación Seriada Total Checkouts Número topográfico Inventario / Código de Barras Date last seen Ejemplar Price effective from Forma de adquisición Tipo de material
      No para Préstamo Hemeroteca Bogotá Bogotá 27/02/2015 Fuera de circulación   AR 00297 010546 25/03/2015 1 25/03/2015   Artículo
      No para Préstamo Hemeroteca Bogotá Bogotá 27/02/2015 Fuera de circulación   AR 00297 010547 25/03/2015 2 25/03/2015   Artículo
      No para Préstamo Hemeroteca Bogotá Bogotá 27/02/2015 Fuera de circulación   AR 00297 010548 25/03/2015 3 25/03/2015   Artículo